00826 2200289 4500001002100000005001500021035002000036007000300056008004100059020001800100084001600118084001400134100002300148245007600171250001200247300003800259650001700297650001900314700002400333700002700357264005200384336002100436337003000457338002300487990001300510990001300523INLIS00000000112019020230214031225 a0010-0123000020ta230214 0 ind  a9786234808353 aD PKNI 4102 aPKNI 41020 aSarkadiePengarang1 aIlmu Negara :b1-6 / PKNI4102 / 2 SKS /cSarkadi, Rahardjo, Yos Sudarso aEdisi 3 a324 Halaman :bilustrasi ;c27 cm 4aNegara, Ilmu 4aState, Science0 aRahardjoePengarang0 aYos SudarsoePengarang aTangerang Selatan :bUniversitas Terbuka,c2022 2rdacontentaTeks 2rdamediaaTanpa Perantara 2rdacarrieraVolume a23/30020 a23/90020